| 000 | 00538nam a22001937a 4500 | ||
|---|---|---|---|
| 999 |
_c8030 _d8030 |
||
| 003 | OSt | ||
| 005 | 20220913105621.0 | ||
| 008 | 220913b ||||| |||| 00| 0 eng d | ||
| 020 | _a0727907816 | ||
| 040 | _cNLM | ||
| 082 |
_aWG102 _bc179h 1995 |
||
| 100 |
_aHans-Joachim, Priebe: Karl, Skarvan _916336 |
||
| 245 | _aCardiovascular physiology . | ||
| 260 |
_aTavistock: _bBMJ Publishing group; _c1995 |
||
| 300 |
_axii,311p.: _bill; _c24cm. |
||
| 504 | _aIndex included. | ||
| 650 |
_aCardiovascular physiology . _916337 |
||
| 942 |
_2z _cBOOK |
||